Visualizzazione normale
Vista MARC
- Crichton Michael
di Personal Name
Records bibliografici associati: 1
001 - CONTROL NUMBER
- control field: 50436
003 - CONTROL NUMBER IDENTIFIER
- control field: IT-RoPau
005 - DATE AND TIME OF LATEST TRANSACTION
- control field: 20151202113809.0
008 - FIXED-LENGTH DATA ELEMENTS
- fixed length control field: 151202|| aca||aabn | a|a d
040 ## - CATALOGING SOURCE
- Original cataloging agency: IT-RoPau
- Transcribing agency: IT-RoPau
100 ## - HEADING--PERSONAL NAME
- Personal name: Crichton Michael
- Relator term: (soggetto)
- Miscellaneous information: Codice Soggetto SPICS: 12129
670 ## - SOURCE DATA FOUND
- Source citation: Work cat.: (IT-RoPau)107108: Spielberg Steven Codice regista SPICS: 1649 50433, JURASSIC PARK JURASSIC PARK (Rif. Codice opera principale : D0829)